| 000 | 00708nam a2200253 a 4500 | ||
|---|---|---|---|
| 008 | |||
| 020 | _a0077094808 (hbk .) | ||
| 049 | _aMAIN | ||
| 090 |
_aHF5635 _bTHO |
||
| 100 | 1 | _aThomas, Andrew. | |
| 245 | 1 | 3 |
_aAn introduction to financial accounting / _cAndrew Thomas. |
| 250 | _a3rd ed. | ||
| 260 |
_aLondon : _bMcGraw-Hill, _c2001. |
||
| 300 |
_axiii, 610 p. ; _c25 cm. |
||
| 500 | _aIncludes index. | ||
| 504 | _aIncludes bibliographical references. | ||
| 650 | _aFinancial accounting. | ||
| 650 | _aAccounting. | ||
| 907 |
_a.b10181234 _b03-05-13 _c16-11-05 |
||
| 003 | |||
| 005 | 20230123134428.0 | ||
| 040 | _cNUST | ||
| 942 |
_cBOOKS _kHF5635 _mTHO |
||
| 999 |
_c165757 _d165757 |
||